00757nam a22001817a 4500003000900000008004100009020001800050040007100068082002200139100002000161245004900181260003800230300002800268505020500296650001400501650002900515650003100544AR-CdUCM190325b ||||| |||| 00| 0 spa d a84-01-34082-9 aMUNICIPALIDAD PROVINCIAL DEL CUSCOcBIBLIOTECA MUNICIPAL DEL CUSCO 22ed.a928 /bG22C aCollazos, Oscar aGarcía Marquez :bla soledad y la gloria / aEspaña :bPlaza & Janes,c1983. a248 páginas ;c19 cm. aContenido: La infancia del fabulador -- Entre el Derecho y el periodismo -- La hojarasca -- El periodista Gabriel García Marquez no tiene quien le escriba -- El coronel no tiene quien le escriba ... aBiografia aGabriel García Marquez aPremio Nobel de Literatura